| 000 | 00468cam a2200181ua 4500 | ||
|---|---|---|---|
| 041 |
_aeng _h |
||
| 082 |
_a321.8042 _bCAR/ MA |
||
| 100 | _aCarter, Gwendolenm . | ||
| 245 |
_aMajor foreign powers / _cGwendolenm Carter. _hTextual Documents |
||
| 250 |
_a3 / _b. |
||
| 260 |
_aNewyork : _bHarcourt Brace and company , _c1957. |
||
| 300 | _a657 ; . | ||
| 504 | _a | ||
| 700 | 1 | _aJohn H, Herz . | |
| 700 | 1 | _aJohn C, Ranney . | |
| 942 | _cBK | ||
| 999 |
_c2132 _d2132 |
||